| 000 | 00649nam a22001817a 4500 | ||
|---|---|---|---|
| 003 | AM-YeHGA | ||
| 005 | 20250617154204.0 | ||
| 008 | 180614s ||||| |||| 00| 0 rus d | ||
| 040 | _aAM-YeHGA | ||
| 041 | 0 | _arus | |
| 100 | 1 | _aПульхеров, Александр Иванович | |
| 245 | 1 | 0 |
_aО мерах к поднятию и развитию садоводства в Калужской губернии / _cА. Пульхеров. |
| 260 |
_aКалуга : _bБ. и., _cБ. г. |
||
| 300 | _a39 с. | ||
| 653 | 0 | _aСадоводство и сельское хозяйство - Калуга | |
| 942 |
_2udc _cBK |
||
| 090 | _c408849 | ||
| 999 |
_c406586 _d406586 |
||